Esquipulas, el camino de la paz

שמור ב:
מידע ביבליוגרפי
מחבר תאגידי: FLACSO. Programa Guatemala
פורמט: Texto
יצא לאור: Guatemala: Fundación Friedrich Ebert
תגים: הוספת תג
אין תגיות, היה/י הראשונ/ה לתייג את הרשומה!

MARC

LEADER 00000 a a2200000 04500
001 23556
003
040 |a CRAI/IIS  |c CRAI/IIS 
090 |a 162300  
110 |a FLACSO. Programa Guatemala  
245 |a Esquipulas, el camino de la paz  
260 |a Guatemala:   |b Fundación Friedrich Ebert  
300 |a 119 p  
999 |c 17017  |d 17017